000 00820nam a2200205Ii 4500
003 JO-AjNU
008 230605s9999||||xx |||||||||||||| ||und||
017 _a1982/2817
040 _aJO-AjNU
_bara
_erda
_cJO-AjNU
041 _aara
050 1 4 _aBR123.A27 1982
100 3 _aأبو زهرة، محمد,
_eauthor
_920283
245 0 0 _aمحاضرات في النصرانية تبحث في الأدوار التي مرت عليها عقائد النصارى وفي كتبهم وفي مجامعهم المقدسة وفرقهم
264 3 1 _aالقاهرة: دار الفكر العربي، 1982
300 _a196ص
336 _atext
_btxt
_2rdacontent
337 _aunmediated
_bn
_2rdamedia
338 _avolume
_bnc
_2rdacarrier
650 4 _aالاسلام والمسيحية- الديانات المقارنة
_920284
999 _aA6846
_c10414
_d10414